[Event "Seville op 27th"]
[Site "Seville"]
[Date "2002.01.19"]
[Round "9"]
[White "Matamoros Franco, Carlos S"]
[Black "Calvo Sanchez, Jesus Maria"]
[Result "1-0"]
[WhiteElo "2456"]
[BlackElo "2285"]
[PlyCount "63"]
[EventDate "2002.01.11"]
[EventType "swiss"]
[EventRounds "9"]
[EventCountry "ESP"]
[SourceTitle "CBM 086 Extra"]
[Source "ChessBase"]
[SourceDate "2002.03.14"]
[SourceVersion "1"]
[SourceVersionDate "2002.03.14"]
[SourceQuality "1"]

1. d4 d6 2. c4 f5 3. Nf3 Nf6 4. g3 g6 5. b4 Bg7 6. Bb2 0-0 7. Bg2 c6 8. 0-0 Na6 9. a3 Nc7 10. Nbd2 Kh8 11. Qc2 Be6 12. Ne1 Rc8 13. a4 d5 14. c5 Ne4 15. Nd3 Qe8 16. Nf3 g5 17. e3 Qh5 18. Nfe5 f4 19. exf4 gxf4 20. Nxf4 Rxf4 21. gxf4 Bh6 22. Bxe4 dxe4 23. d5 Bxd5 24. Qd1 Qh3 25. Ra3 e3 26. Nf7+ Kg8 27. Nxh6+ Qxh6 28. Rxe3 Ne6 29. Rg3+ Kf7 30. Bc1 Qf6 31. Qh5+ Kf8 32. f5 1-0

[Event "Seville op 27th"]
[Site "Seville"]
[Date "2002.01.13"]
[Round "3"]
[White "Spraggett, Kevin"]
[Black "Calvo Sanchez, Jesus Maria"]
[Result "1-0"]
[WhiteElo "2541"]
[BlackElo "2285"]
[PlyCount "75"]
[EventDate "2002.01.11"]
[EventType "swiss"]
[EventRounds "9"]
[EventCountry "ESP"]
[SourceTitle "CBM 086 Extra"]
[Source "ChessBase"]
[SourceDate "2002.03.14"]
[SourceVersion "1"]
[SourceVersionDate "2002.03.14"]
[SourceQuality "1"]

1. e4 d6 2. d4 Nf6 3. Nc3 Nbd7 4. f4 e5 5. Nf3 exd4 6. Qxd4 c6 7. Be2 d5 8. exd5 Bc5 9. Qd3 cxd5 10. Be3 0-0 11. 0-0-0 Re8 12. Ne5 Qe7 13. Bf3 Nxe5 14. fxe5 Bxe3+ 15. Qxe3 Qxe5 16. Qxe5 Rxe5 17. Nxd5 Nxd5 18. Rxd5 Rxd5 19. Bxd5 Kf8 20. Re1 Rb8 21. c4 b6 22. Kc2 Bf5+ 23. Kc3 Re8 24. Rxe8+ Kxe8 25. Kd4 Ke7 26. c5 bxc5+ 27. Kxc5 Be6 28. b4 f5 29. a4 g5 30. b5 f4 31. a5 g4 32. Be4 Kf6 33. a6 Ke5 34. Bb7 Bf5 35. b6 axb6+ 36. Kxb6 Be4 37. Bxe4 Kxe4 38. a7 1-0

[Event "ESP-ch op-A"]
[Site "Cala Mendia"]
[Date "2001.11.23"]
[Round "7"]
[White "Garcia Fernandez, Carlos"]
[Black "Calvo Sanchez, Jesus Maria"]
[Result "1-0"]
[WhiteElo "2411"]
[BlackElo "2291"]
[PlyCount "47"]
[EventDate "2001.11.17"]
[EventType "swiss"]
[EventRounds "9"]
[EventCountry "ESP"]
[SourceTitle "CBM 085 Extra"]
[Source "ChessBase"]
[SourceDate "2002.01.21"]
[SourceVersion "1"]
[SourceVersionDate "2002.01.21"]
[SourceQuality "1"]

1. e4 d6 2. Nc3 Nf6 3. d4 Nbd7 4. Nf3 e5 5. Bc4 exd4 6. Qxd4 Be7 7. Bf4 0-0 8. h3 Nc5 9. Bh2 Be6 10. Rd1 Nfd7 11. Bxe6 Nxe6 12. Qe3 Bf6 13. 0-0 Bxc3 14. Qxc3 Qf6 15. e5 Nxe5 16. Nxe5 dxe5 17. Bxe5 Qe7 18. Rd3 Rad8 19. Re3 Qd7 20. Bf6 Rb8 21. Rg3 g6 22. Qe3 Qd6 23. Rg4 h5 24. Qh6 1-0

[Event "Dos Hermanas IM"]
[Site "Dos Hermanas"]
[Date "2001.04.24"]
[Round "6"]
[White "Calvo Sanchez, Jesus Maria"]
[Black "Ortega Valle, Jose Ramon"]
[Result "1/2-1/2"]
[WhiteElo "2272"]
[BlackElo "2000"]
[PlyCount "119"]
[EventDate "2001.04.19"]
[EventType "tourn"]
[EventRounds "9"]
[EventCountry "ESP"]
[EventCategory "4"]
[SourceTitle "CBM 082 Extra"]
[Source "ChessBase"]
[SourceDate "2001.07.03"]
[SourceVersion "1"]
[SourceVersionDate "2001.07.03"]
[SourceQuality "1"]

1. d4 Nf6 2. c4 c5 3. d5 b5 4. Nd2 g6 5. e4 d6 6. b3 Bg7 7. Bb2 0-0 8. Qc2 e6 9. dxe6 fxe6 10. cxb5 Bb7 11. Ngf3 Bh6 12. Bd3 Nh5 13. g3 a6 14. a4 axb5 15. axb5 Rxa1+ 16. Bxa1 Nd7 17. 0-0 Qe7 18. Be2 d5 19. Ne5 Nxe5 20. Bxe5 Nf6 21. exd5 exd5 22. f4 Ra8 23. Re1 Bg7 24. Kf1 Qd7 25. Qxc5 Ra2 26. Nf3 Ne4 27. Qc7 Qxc7 28. Bxc7 Bc3 29. Rd1 Bc8 30. Ng1 d4 31. Be5 Kf8 32. Bxd4 Nd2+ 33. Rxd2 Bxd2 34. Nf3 Bb4 35. Kf2 Bd6 36. Ke3 Bb7 37. Ne5 Ke7 38. h4 Ra3 39. Bc4 Ra2 40. Be2 Ra3 41. Bc4 Ra2 42. Nc6+ Kf8 43. Nd8 Ba8 44. b6 Ke7 45. b7 Kxd8 46. bxa8Q+ Rxa8 47. Bg8 Ke7 48. Bxh7 Kf7 49. g4 Ra3 50. f5 Rxb3+ 51. Ke4 gxf5+ 52. Bxf5 Rb4 53. Kd5 Rxd4+ 54. Kxd4 Bg3 55. h5 Bf4 56. Ke4 Bg5 57. Ke5 Kg7 58. Be6 Kh8 59. Kf5 Bc1 60. Kg6 1/2-1/2

[Event "Dos Hermanas IM"]
[Site "Dos Hermanas"]
[Date "2001.04.20"]
[Round "2"]
[White "Diaz Castro, Sergio"]
[Black "Calvo Sanchez, Jesus Maria"]
[Result "0-1"]
[WhiteElo "2204"]
[BlackElo "2272"]
[PlyCount "46"]
[EventDate "2001.04.19"]
[EventType "tourn"]
[EventRounds "9"]
[EventCountry "ESP"]
[EventCategory "4"]
[SourceTitle "CBM 082 Extra"]
[Source "ChessBase"]
[SourceDate "2001.07.03"]
[SourceVersion "1"]
[SourceVersionDate "2001.07.03"]
[SourceQuality "1"]

1. e4 d6 2. d4 Nf6 3. Nc3 Nbd7 4. Nf3 e5 5. Bc4 exd4 6. Qxd4 Be7 7. Bxf7+ Kxf7 8. Ng5+ Ke8 9. Ne6 c5 10. Qe3 Qb6 11. Nxg7+ Kf7 12. Nf5 Ne5 13. Nxe7 Kxe7 14. Qh6 Kf7 15. h3 Rg8 16. Bg5 Rg6 17. Qh4 Qxb2 18. 0-0 Rxg5 19. Qxg5 Qxc3 20. f4 Nf3+ 21. gxf3 Bxh3 22. Kh2 Rg8 23. Qh4 Qxc2+ 0-1

[Event "Coria del Rio op 7th"]
[Site "Coria del Rio"]
[Date "2001.02.18"]
[Round "5"]
[White "Calvo Sanchez, Jesus Maria"]
[Black "Garcia, Francisco Javier"]
[Result "1/2-1/2"]
[WhiteElo "2272"]
[BlackElo "2130"]
[PlyCount "84"]
[EventDate "2001.02.14"]
[EventType "swiss"]
[EventRounds "9"]
[EventCountry "ESP"]
[SourceTitle "CBM 080 Extra"]
[Source "ChessBase"]
[SourceDate "2001.03.08"]
[SourceVersion "1"]
[SourceVersionDate "2001.03.08"]
[SourceQuality "1"]

1. d4 e5 2. dxe5 Nc6 3. Nf3 Qe7 4. g3 Nxe5 5. Nbd2 Nf6 6. Bg2 d5 7. 0-0 Bg4 8. Nxe5 Qxe5 9. Nf3 Qe6 10. h3 Bh5 11. Bf4 0-0-0 12. c3 Bd6 13. Nd4 Qd7 14. Bxd6 Qxd6 15. f4 h6 16. g4 Bg6 17. f5 Bh7 18. b4 g6 19. Qa4 Kb8 20. Rad1 Qe5 21. Rd3 gxf5 22. Qb5 Rd6 23. Nxf5 Bxf5 24. Rxf5 Qxe2 25. Bf1 Qe7 26. Rdf3 Rf8 27. Qc5 Ne4 28. Qd4 Ng5 29. Re3 Re6 30. Rxe6 fxe6 31. Rxf8+ Qxf8 32. Bg2 a6 33. Qe5 Ka7 34. Qxc7 Nf3+ 35. Bxf3 Qxf3 36. Qc5+ Ka8 37. Qc8+ Ka7 38. Qc5+ Ka8 39. Kh2 e5 40. Qc8+ Ka7 41. Qc5+ Ka8 42. Qc8+ Ka7 1/2-1/2

[Event "Seville op 26th"]
[Site "Seville"]
[Date "2001.01.18"]
[Round "7"]
[White "Komljenovic, Davorin"]
[Black "Calvo Sanchez, Jesus Maria"]
[Result "1-0"]
[WhiteElo "2512"]
[BlackElo "2272"]
[PlyCount "51"]
[EventDate "2001.01.12"]
[EventType "swiss"]
[EventRounds "9"]
[EventCountry "ESP"]
[SourceTitle "CBM 080 Extra"]
[Source "ChessBase"]
[SourceDate "2001.03.08"]
[SourceVersion "1"]
[SourceVersionDate "2001.03.08"]
[SourceQuality "1"]

1. d4 g6 2. c4 f5 3. Nc3 Nf6 4. g3 Bg7 5. Bg2 0-0 6. Nh3 d6 7. d5 c6 8. Nf4 Qe8 9. Rb1 Na6 10. b4 Bd7 11. 0-0 Rc8 12. Qb3 Kh8 13. a3 g5 14. Nh3 h6 15. f4 g4 16. Nf2 cxd5 17. Nxd5 Nxd5 18. Bxd5 Bc6 19. Bb2 e5 20. Bxc6 bxc6 21. Qe3 c5 22. fxe5 dxe5 23. b5 Nc7 24. Nd3 Ne6 25. Bxe5 Nd4 26. Qxh6+ 1-0

[Event "Seville op 26th"]
[Site "Seville"]
[Date "2001.01.14"]
[Round "3"]
[White "Gofshtein, Leonid D"]
[Black "Calvo Sanchez, Jesus Maria"]
[Result "1-0"]
[WhiteElo "2531"]
[BlackElo "2272"]
[PlyCount "65"]
[EventDate "2001.01.12"]
[EventType "swiss"]
[EventRounds "9"]
[EventCountry "ESP"]
[SourceTitle "CBM 080 Extra"]
[Source "ChessBase"]
[SourceDate "2001.03.08"]
[SourceVersion "1"]
[SourceVersionDate "2001.03.08"]
[SourceQuality "1"]

1. e4 c5 2. Nf3 d6 3. d4 cxd4 4. Nxd4 Nf6 5. Nc3 g6 6. h3 Bg7 7. g4 Nc6 8. Be3 h5 9. g5 Nh7 10. Rg1 0-0 11. Qd2 Nxd4 12. Bxd4 Bxd4 13. Qxd4 Qa5 14. h4 e5 15. Qd2 Be6 16. Rg3 Rfd8 17. a3 b5 18. Bxb5 Rab8 19. b4 Qc7 20. Be2 Nf8 21. Rd1 a5 22. Nb5 Qc6 23. Nxd6 axb4 24. axb4 Qa4 25. b5 Rb6 26. Rd3 Rdxd6 27. Rxd6 Rxd6 28. Qxd6 Qxe4 29. Qc6 Qxh4 30. b6 e4 31. Qc5 Bf5 32. Rd8 Qh1+ 33. Bf1 1-0

[Event "ESP-chTA"]
[Site "Oropesa del Mar"]
[Date "1996.??.??"]
[Round "5"]
[White "Calvo Sanchez, Jesus Maria"]
[Black "Iruzubieta Villaluenga, Jesus Maria"]
[Result "1/2-1/2"]
[WhiteElo "2290"]
[BlackElo "2410"]
[PlyCount "89"]
[EventDate "1996.??.??"]
[EventType "team-swiss"]
[EventRounds "9"]
[EventCountry "ESP"]
[SourceTitle "EXT 1998"]
[Source "ChessBase"]
[SourceDate "1997.11.17"]
[SourceVersion "1"]
[SourceVersionDate "1997.11.17"]
[SourceQuality "1"]

1. d4 Nf6 2. Bg5 e6 3. Nd2 h6 4. Bh4 d6 5. e4 Nbd7 6. f4 Be7 7. Ngf3 e5 8. fxe5 dxe5 9. dxe5 Ng4 10. Bg3 Ne3 11. Qc1 Nc5 12. Bf2 Nxf1 13. Rxf1 Be6 14. b4 Na4 15. Qa3 Qd7 16. 0-0-0 a5 17. Nb1 Bxb4 18. Qe3 Qc6 19. Nd4 Qc4 20. Nxe6 Qxe6 21. Qb3 Qxb3 22. cxb3 Nc3 23. Nxc3 Bxc3 24. Bg3 Ke7 25. Rd3 Bb4 26. Rfd1 Rhd8 27. Kc2 Rxd3 28. Rxd3 c6 29. h3 Rd8 30. Bh4+ g5 31. Rxd8 Kxd8 32. Bf2 Kc7 33. Kd3 Be7 34. a4 Kd7 35. Kc4 Ke6 36. Bd4 Bd8 37. Kc5 Bc7 38. Bc3 Kd7 39. Kc4 b6 40. Bd4 Ke6 41. g4 Kd7 42. Bc3 Ke7 43. Bb2 Kf8 44. Ba3+ Kg7 45. Kd3 1/2-1/2

[Event "ESP-chTA"]
[Site "Oropesa del Mar"]
[Date "1996.??.??"]
[Round "6"]
[White "Gil Gonzalez, Jose Manuel"]
[Black "Calvo Sanchez, Jesus Maria"]
[Result "1/2-1/2"]
[WhiteElo "2410"]
[BlackElo "2290"]
[PlyCount "55"]
[EventDate "1996.??.??"]
[EventType "team-swiss"]
[EventRounds "9"]
[EventCountry "ESP"]
[SourceTitle "EXT 1998"]
[Source "ChessBase"]
[SourceDate "1997.11.17"]
[SourceVersion "1"]
[SourceVersionDate "1997.11.17"]
[SourceQuality "1"]

1. d4 g6 2. c4 Nf6 3. Nc3 Bg7 4. e4 d6 5. Nf3 0-0 6. h3 e5 7. dxe5 dxe5 8. Qxd8 Rxd8 9. Bg5 Re8 10. Nd5 Nxd5 11. cxd5 c6 12. Bc4 cxd5 13. Bxd5 Na6 14. 0-0-0 Nc7 15. Bb3 Be6 16. Kb1 Bxb3 17. axb3 Ne6 18. Be3 Nd4 19. Bxd4 exd4 20. Rhe1 Rad8 21. Nd2 Bf8 22. f3 Bb4 23. f4 f6 24. Re2 d3 25. Re3 Bc5 26. Rf3 Bb4 27. Re3 Bc5 28. Rf3 1/2-1/2

[Event "ESP-chT"]
[Site "Cordoba"]
[Date "1995.??.??"]
[Round "6"]
[White "Calvo Sanchez, Jesus Maria"]
[Black "Bernal Moro, Luis Javier"]
[Result "0-1"]
[WhiteElo "2295"]
[BlackElo "2400"]
[PlyCount "90"]
[EventDate "1995.??.??"]
[EventType "team"]
[EventRounds "9"]
[EventCountry "ESP"]
[SourceTitle "EXT 2000"]
[Source "ChessBase"]
[SourceDate "1999.11.16"]
[SourceVersion "1"]
[SourceVersionDate "1999.11.16"]
[SourceQuality "1"]

1. d4 Nf6 2. Nf3 g6 3. c4 Bg7 4. g3 0-0 5. Bg2 d6 6. Nc3 Nbd7 7. 0-0 e5 8. e4 c6 9. h3 exd4 10. Nxd4 Qb6 11. Rb1 Qb4 12. Re1 Qxc4 13. Be3 Ne8 14. Rc1 Qa6 15. b4 Ne5 16. Bf1 Nc4 17. Bxc4 Qxc4 18. Nd5 Qxa2 19. Re2 Qa6 20. Ra1 Qc4 21. Rc2 cxd5 22. Rxc4 dxc4 23. Kg2 Nf6 24. f3 Bd7 25. Ne2 d5 26. e5 Ne8 27. Qxd5 Bc6 28. Qxc4 Nd6 29. Qf4 Rfe8 30. Bd4 Nf5 31. Bc3 Bh6 32. b5 Bxf4 33. bxc6 Bxe5 34. cxb7 Rab8 35. Rxa7 Bc7 36. Nf4 Bb6 37. Ra6 Rxb7 38. Nd5 Bd8 39. Ra8 Kf8 40. g4 Nd6 41. Bb4 Be7 42. Ra6 Rxb4 43. Nxb4 Kg7 44. Nd5 Bf8 45. g5 Re5 0-1

[Event "ESP-chT"]
[Site "Cordoba"]
[Date "1995.??.??"]
[Round "4"]
[White "Calvo Sanchez, Jesus Maria"]
[Black "Brito Garcia, Alfredo"]
[Result "0-1"]
[WhiteElo "2295"]
[BlackElo "2360"]
[PlyCount "56"]
[EventDate "1995.??.??"]
[EventType "team"]
[EventRounds "9"]
[EventCountry "ESP"]
[SourceTitle "EXT 2000"]
[Source "ChessBase"]
[SourceDate "1999.11.16"]
[SourceVersion "1"]
[SourceVersionDate "1999.11.16"]
[SourceQuality "1"]

1. d4 g6 2. e4 Bg7 3. Nf3 d6 4. Nc3 Nf6 5. h3 0-0 6. Be2 Nc6 7. Be3 e5 8. d5 Ne7 9. g4 c6 10. Qd2 cxd5 11. exd5 b5 12. Bxb5 Bb7 13. Bc4 Rc8 14. Bb3 Rxc3 15. bxc3 Nexd5 16. 0-0 Ne4 17. Qd3 Nexc3 18. Bxd5 Nxd5 19. Rab1 Ba8 20. Ng5 h6 21. Ne4 f5 22. gxf5 gxf5 23. Nd2 Qh4 24. Rb5 f4 25. Rxd5 fxe3 26. Ne4 Qxh3 27. c4 Rf3 28. Qe2 Qg4+ 0-1

[Event "San Sebastian op"]
[Site "San Sebastian"]
[Date "1995.??.??"]
[Round "6"]
[White "Calvo Sanchez, Jesus Maria"]
[Black "De la Riva Aguado, Oscar"]
[Result "1/2-1/2"]
[WhiteElo "2315"]
[BlackElo "2425"]
[PlyCount "78"]
[EventDate "1995.??.??"]
[EventType "swiss"]
[EventRounds "9"]
[EventCountry "ESP"]
[SourceTitle "EXT 2001"]
[Source "ChessBase"]
[SourceDate "2000.11.22"]
[SourceVersion "1"]
[SourceVersionDate "2000.11.22"]
[SourceQuality "1"]

1. Nf3 d6 2. c4 e5 3. Nc3 f5 4. d3 Nf6 5. g3 Be7 6. Bg2 0-0 7. 0-0 Qe8 8. b4 Na6 9. Rb1 Qh5 10. Nd5 Nxd5 11. cxd5 g5 12. b5 Nb8 13. Ba3 Nd7 14. Rc1 Bd8 15. Nd2 a6 16. bxa6 Rxa6 17. Bb4 Nf6 18. a3 Bd7 19. e4 Qg6 20. exf5 Bxf5 21. Ne4 Nxe4 22. dxe4 Bxe4 23. Bxe4 Qxe4 24. Rc3 Qg6 25. Qe2 Kh8 26. Rfc1 Qf7 27. Rd3 Ra8 28. Rcc3 Bf6 29. Qe4 Bg7 30. Rf3 Qd7 31. Kg2 Rac8 32. Rxf8+ Rxf8 33. Ba5 Rc8 34. Rf3 c6 35. Bd2 cxd5 36. Qxd5 Rc5 37. Qf7 Qc6 38. Bxg5 e4 39. Rf5 Rxf5 1/2-1/2

[Event "ESP-chTa"]
[Site "Spain"]
[Date "1995.??.??"]
[Round "2"]
[White "Magem Badals, Jordi"]
[Black "Calvo Sanchez, Jesus Maria"]
[Result "1/2-1/2"]
[WhiteElo "2560"]
[BlackElo "2295"]
[PlyCount "55"]
[EventDate "1995.??.??"]
[EventType "team"]
[EventRounds "9"]
[EventCountry "ESP"]
[SourceTitle "EXT 2000"]
[Source "ChessBase"]
[SourceDate "1999.11.16"]
[SourceVersion "1"]
[SourceVersionDate "1999.11.16"]
[SourceQuality "1"]

1. e4 d6 2. d4 Nf6 3. Nc3 g6 4. g3 Bg7 5. Bg2 0-0 6. Nge2 e5 7. h3 Nc6 8. Be3 exd4 9. Nxd4 Re8 10. 0-0 Bd7 11. Nde2 b5 12. a3 a5 13. Nf4 Rb8 14. f3 Ne5 15. Bf2 Nc4 16. b3 Nb6 17. Qd2 b4 18. axb4 axb4 19. Nce2 d5 20. e5 Rxe5 21. Nd3 Re8 22. Nxb4 Bb5 23. Rae1 Qd6 24. Nd3 Nbd7 25. Nc3 Ba6 26. Rxe8+ Rxe8 27. Rd1 c5 28. Na4 1/2-1/2

[Event "Coria del Rio op"]
[Site "Coria del Rio"]
[Date "1995.??.??"]
[Round "9"]
[White "Pogorelov, Ruslan"]
[Black "Calvo Sanchez, Jesus Maria"]
[Result "1-0"]
[WhiteElo "2440"]
[BlackElo "2315"]
[PlyCount "135"]
[EventDate "1995.??.??"]
[EventType "swiss"]
[EventRounds "9"]
[EventCountry "ESP"]
[SourceTitle "EXT 1997"]
[Source "ChessBase"]
[SourceDate "1996.11.15"]
[SourceVersion "1"]
[SourceVersionDate "1996.11.15"]
[SourceQuality "1"]

1. Nf3 g6 2. c4 Bg7 3. d4 Nf6 4. Nc3 0-0 5. e4 d6 6. Be2 Nbd7 7. 0-0 e5 8. Re1 c6 9. Bf1 a5 10. d5 Nc5 11. b3 cxd5 12. cxd5 Bd7 13. Bg5 h6 14. Bxf6 Qxf6 15. Nd2 Qe7 16. Bc4 f5 17. Qe2 Rf7 18. Bb5 Raf8 19. Bxd7 Qxd7 20. a3 Bf6 21. b4 Na4 22. Nxa4 Qxa4 23. Nc4 Be7 24. Nxa5 Kg7 25. Ra2 Bh4 26. g3 Bd8 27. Nc4 Qd7 28. exf5 b5 29. Nd2 Bb6 30. Rf1 gxf5 31. Kg2 h5 32. Rc2 h4 33. Rc6 Bd8 34. f3 Kh8 35. g4 Bg5 36. gxf5 Bxd2 37. Qxd2 Qxf5 38. Rxd6 Rg7+ 39. Kh1 e4 40. Rh6+ Kg8 41. Rxh4 exf3 42. Qh6 f2 43. Qe6+ Rff7 44. Qxf5 Rxf5 45. Rd4 Kf8 46. Rd2 Rgf7 47. Re2 Rf3 48. d6 Rxa3 49. Rexf2 Rxf2 50. Rxf2+ Ke8 51. Rf5 Kd7 52. Rxb5 Kxd6 53. Rg5 Rb3 54. Rg4 Rb2 55. h4 Ke6 56. Kg1 Kf5 57. Rc4 Ke5 58. h5 Kf5 59. h6 Rb1+ 60. Kf2 Rh1 61. Rc6 Kf4 62. b5 Rh2+ 63. Kg1 Rh5 64. b6 Kf3 65. Rc3+ Ke2 66. Rb3 Rg5+ 67. Kh2 Kf2 68. Kh3 1-0